[Event "WJun"]
[Site "Nakhchivan AZE"]
[Date "2003.06.23"]
[Round "2"]
[White "Erenburg,S"]
[Black "Geirnaert,S"]
[Result "0-1"]
[WhiteElo "2499"]
[BlackElo "2289"]
[EventDate "2003.06.22"]

1. e4 d5 2. exd5 Qxd5 3. Nc3 Qa5 4. d4 c6 5. Nf3 Nf6 6. Bc4 Bf5 7. Bd2 e6
8. Qe2 Bb4 9. O-O-O Nbd7 10. a3 Bxc3 11. Bxc3 Qc7 12. Ne5 Nxe5 13. dxe5 Nd5
14. Bd2 O-O-O 15. h4 h5 16. f3 Nb6 17. Ba2 Rd4 18. Bg5 c5 19. c3 Rxd1+ 20.
Rxd1 c4 21. Rd6 Kb8 22. Qe3 Rc8 23. Qd4 Nd5 24. g4 Bg6 25. Bb1 Bxb1 26.
Kxb1 g6 27. Be3 b6 28. Bf2 Kb7 29. Qe4 Rh8 30. a4 Ka6 31. Kc1 Ka5 32. Kc2
Kxa4 33. gxh5 gxh5 34. Rd7 Nb4+ 35. Kc1 Qxd7 36. Qxc4 a5 37. b3+ Ka3 38.
cxb4 Rc8 39. Bc5 Qd5 40. Qb5 Rxc5+ 41. bxc5 Qxc5+ 42. Qxc5+ bxc5 43. Kc2
Kb4 0-1

[Event "WJun"]
[Site "Nakhchivan AZE"]
[Date "2003.06.23"]
[Round "2"]
[White "Baladjaev,G"]
[Black "Pantsulaia,L"]
[Result "0-1"]
[WhiteElo "2177"]
[BlackElo "2465"]
[EventDate "2003.06.22"]

1. d4 Nf6 2. c4 g6 3. g3 c5 4. Nf3 cxd4 5. Nxd4 d5 6. Bg2 dxc4 7. Qa4+ Nfd7
8. Qxc4 Bg7 9. O-O O-O 10. Rd1 Nb6 11. Qd3 Na6 12. Nc3 Nc5 13. Nc6 Nxd3 14.
Nxd8 Nxb2 15. Bxb2 Nc4 16. Na4 Nxb2 17. Nxb2 Bxb2 18. Rab1 Bf6 19. Nxb7 Bf5
20. e4 Bg4 21. f3 Be6 22. Rd2 Rab8 23. f4 Bc3 24. Rc2 Bd4+ 25. Kf1 Rfc8 26.
Rxc8+ Rxc8 27. Rd1 Bb6 28. Rd2 Rc1+ 29. Ke2 h5 30. Rb2 Ra1 31. Kd3 Bxa2 32.
Kc2 Be6 33. Bf3 Rf1 34. Bg2 Rf2+ 35. Kb1 Rxg2 36. Rxg2 Bc4 37. Rd2 Kf8 38.
Nd8 Bb5 39. e5 Ke8 40. e6 f6 41. Nf7 Bc4 42. f5 gxf5 43. Nh6 Bxe6 44. Kc2
Kf8 45. Rd1 Kg7 46. Re1 Bc8 47. Rxe7+ Kxh6 48. Kc3 Ba6 49. Kb4 Bd3 50. Ka4
Bg1 51. h3 Bf2 52. Kb4 Bf1 53. h4 Bxg3 54. Rxa7 Bxh4 55. Kc3 f4 56. Kd2 Bf2
57. Re7 h4 58. Rf7 h3 59. Rxf6+ Kg5 0-1

[Event "WJun"]
[Site "Nakhchivan AZE"]
[Date "2003.06.23"]
[Round "2"]
[White "Mamedov,Rau"]
[Black "Bachin,V"]
[Result "1/2-1/2"]
[WhiteElo "2330"]
[BlackElo "2443"]
[EventDate "2003.06.22"]

1. e4 c6 2. Nf3 d5 3. exd5 cxd5 4. c4 Nf6 5. cxd5 Nxd5 6. Bc4 e6 7. O-O Be7
8. d4 Nb6 9. Bb3 N8d7 10. Nc3 Nf6 11. Ne5 O-O 12. Qd3 Bd7 13. Qf3 Qc8 14.
Qh3 Bc6 15. Re1 Bd5 16. Nxd5 Nfxd5 17. Bd2 Bf6 18. Rad1 Qc7 19. Ba5 Qd6 20.
Bxb6 Nxb6 21. Qf3 Rab8 22. g3 Rfe8 23. Ng4 Nd7 24. Ne3 Nb6 25. Kg2 Red8 26.
d5 e5 27. Nf5 Qf8 28. d6 Nd7 29. Qd5 Nb6 30. Qa5 Ra8 31. Qc5 Rd7 32. a4 g6
33. Ne3 Rad8 34. Ng4 Bg7 35. Nxe5 Bxe5 36. Rxe5 Rxd6 37. Rxd6 Rxd6 38. Qe3
Rd8 39. Re7 Rd3 40. Qe4 Rxb3 41. Re8 Nd7 42. Rxf8+ Nxf8 43. Qc2 Rb4 44. b3
a5 45. Qc5 b6 46. Qd5 Ne6 47. h4 h5 48. f4 Nd4 49. Kf2 Nf5 50. Qd3 Nd4
1/2-1/2

[Event "WJun"]
[Site "Nakhchivan AZE"]
[Date "2003.06.23"]
[Round "2"]
[White "Schneider,Dm"]
[Black "Allemann,A"]
[Result "1-0"]
[WhiteElo "2424"]
[BlackElo "2254"]
[EventDate "2003.06.22"]

1. e4 c5 2. Nf3 d6 3. d4 cxd4 4. Nxd4 Nf6 5. Nc3 Nc6 6. f3 Qb6 7. Nb3 e6 8.
Qe2 a6 9. Be3 Qc7 10. O-O-O b5 11. g4 Nd7 12. g5 Nce5 13. h4 Bb7 14. f4 Nc4
15. Bd4 Rc8 16. Bh3 e5 17. Nd5 Bxd5 18. exd5 Be7 19. Bc3 O-O 20. Rhf1 Rfe8
21. Bxd7 Qxd7 22. f5 a5 23. f6 b4 24. Be1 Bf8 25. Nd2 Nxd2 26. Rxd2 a4 27.
Kb1 Qb7 28. h5 gxf6 29. Rxf6 Qe7 30. Qe4 Bg7 31. Bh4 Qc7 32. Rh6 Bxh6 33.
gxh6 f5 34. Qxf5 Qf7 35. Bf6 Kf8 36. Rg2 Qxd5 37. Be7+ Kxe7 38. Rg7+ 1-0

[Event "WJun"]
[Site "Nakhchivan AZE"]
[Date "2003.06.23"]
[Round "2"]
[White "Kanep,M"]
[Black "Jatautis,D"]
[Result "0-1"]
[WhiteElo "2446"]
[BlackElo "2149"]
[EventDate "2003.06.22"]

1. e4 c5 2. Nf3 d6 3. d4 cxd4 4. Nxd4 Nf6 5. Nc3 a6 6. Be3 e5 7. Nb3 Be6 8.
Qd2 Nbd7 9. f3 Qc7 10. g4 h6 11. O-O-O Rc8 12. Kb1 Nb6 13. h4 g6 14. Na5 d5
15. Bxb6 Qxb6 16. exd5 Qxa5 17. dxe6 Bb4 18. g5 Bxc3 19. bxc3 hxg5 20. Qxg5
Nd5 21. exf7+ Kxf7 22. Rxd5 Qxd5 23. Bd3 Rc6 24. Re1 Rb6+ 25. Kc1 Qd8 26.
Qxe5 Rxh4 27. f4 Qf6 28. Qc7+ Kf8 29. Rf1 Qd6 30. Qc8+ Kg7 31. f5 gxf5 32.
Rg1+ Rg4 33. Rxg4+ fxg4 34. Qxg4+ Kf8 35. c4 Qh6+ 36. Kd1 Rb1+ 37. Ke2 Qh2+
38. Kf3 Qh1+ 39. Kf4 Qh6+ 40. Kf3 Qf6+ 41. Ke4 Re1+ 42. Be2 Ke7 43. Kd3
Qd6+ 44. Kc3 Rb1 45. Qg7+ Kd8 46. Qg5+ Qe7 47. Qg8+ Kc7 48. Qg3+ Kb6 49.
Qf2+ Qc5 50. Qf6+ Ka7 51. Bd3 Rb6 52. Qf5 Qxf5 53. Bxf5 Rc6 54. Be4 Rc7 55.
Kb4 Kb6 56. Bd5 a5+ 57. Kb3 Kc5 58. a4 b6 59. c3 Rg7 60. Be6 Kd6 61. Bc8
Rc7 62. Ba6 Ke5 63. Kc2 Ke4 64. Bb5 Ke3 65. Ba6 Rc5 66. Bb5 Rf5 67. Ba6
Rf2+ 68. Kb3 Kd2 69. Bb7 Rf5 70. Bc6 Re5 71. Kb2 Re3 72. Bb5 Rxc3 73. Ba6
Rc2+ 74. Kb3 Rc3+ 75. Kb2 Rg3 76. Bb5 Ke3 77. c5 bxc5 78. Kc3 Rg4 79. Bc4
Rh4 80. Bb5 Rb4 81. Bc6 Kf4 82. Bd7 Ke5 83. Be8 Rh4 84. Bc6 Kd6 85. Bb5 Kd5
86. Be8 Rh3+ 87. Kc2 Kd4 88. Bb5 c4 89. Bd7 Rh2+ 90. Kb1 Kc3 91. Bc6 Kb4
92. Ka1 Rf2 93. Kb1 c3 94. Kc1 Ra2 0-1

[Event "WJun"]
[Site "Nakhchivan AZE"]
[Date "2003.06.23"]
[Round "2"]
[White "Murariu,A"]
[Black "Masse,H"]
[Result "1-0"]
[WhiteElo "2347"]
[BlackElo "2120"]
[EventDate "2003.06.22"]

1. e4 e5 2. Nf3 Nc6 3. d4 exd4 4. Nxd4 Bc5 5. Be3 Qf6 6. c3 Nge7 7. Bc4 b6
8. O-O Bb7 9. f4 O-O-O 10. Kh1 d5 11. e5 Qh6 12. Bb5 Nxe5 13. fxe5 Qxe3 14.
b4 Bxd4 15. cxd4 Rhf8 16. a4 Kb8 17. Ra3 Qh6 18. Nc3 f6 19. e6 f5 20. Bd7
Bc8 21. a5 Bxd7 22. exd7 Qc6 23. Qe2 Rxd7 24. axb6 cxb6 25. Nb5 Qc4 26. Re1
Qxe2 27. Rxe2 Nc6 28. Ra4 Kb7 29. Rea2 Ra8 30. h3 a6 31. Nc3 a5 32. b5 Nb4
33. Re2 Rc8 34. Ra3 Rc4 35. Na4 Rxd4 36. Re6 Nc2 37. Rxb6+ Kc7 38. Rc6+ Kd8
39. Rxc2 Rb4 40. b6 Rd6 41. Rac3 Ke7 42. Rc7+ Kf6 43. b7 Kg6 44. R2c6 1-0

[Event "WJun"]
[Site "Nakhchivan AZE"]
[Date "2003.06.23"]
[Round "2"]
[White "Monroy,C"]
[Black "Agayev,N"]
[Result "1/2-1/2"]
[WhiteElo "2294"]
[BlackElo "2116"]
[EventDate "2003.06.22"]

1. e4 e5 2. Nf3 Nf6 3. Nxe5 d6 4. Nf3 Nxe4 5. Bd3 Nf6 6. h3 Be7 7. c3 O-O
8. O-O d5 9. Bc2 Re8 10. d4 Bd6 11. Bg5 h6 12. Bh4 Nbd7 13. Nbd2 Nf8 14.
Re1 g5 15. Bg3 Bxg3 16. fxg3 g4 17. Ne5 gxh3 18. Ndf3 Ng4 19. gxh3 Nxe5 20.
Nxe5 f6 21. Ng4 Rxe1+ 22. Qxe1 Bxg4 23. hxg4 Qe8 24. Qd2 Kg7 25. Re1 Qf7
26. Qe3 Nh7 27. Kg2 Ng5 28. Qe7 Rf8 29. Bb3 c6 30. c4 Ne4 31. Qxf7+ Kxf7
32. cxd5 Nd2 33. d6+ Nxb3 34. Re7+ Kg6 35. axb3 Rd8 36. d7 f5 37. Kf3 fxg4+
38. Kxg4 Kf6 39. Rh7 Kg6 1/2-1/2

[Event "WJun"]
[Site "Nakhchivan AZE"]
[Date "2003.06.23"]
[Round "2"]
[White "Arun Prasad,S"]
[Black "Yilmaz,M"]
[Result "1-0"]
[WhiteElo "2275"]
[BlackElo "1941"]
[EventDate "2003.06.22"]

1. Nf3 d5 2. b3 Nc6 3. d4 Nf6 4. e3 Bg4 5. Bb2 e6 6. Be2 Bd6 7. Nbd2 O-O 8.
O-O Re8 9. Ne5 Bxe2 10. Qxe2 Nd7 11. f4 f6 12. Nxd7 Qxd7 13. c4 Rad8 14. a3
Bf8 15. Nf3 b6 16. Rfd1 Qf7 17. b4 Ne7 18. c5 bxc5 19. dxc5 Ng6 20. Qa6 e5
21. fxe5 fxe5 22. Rf1 Qd7 23. c6 Qg4 24. Qe2 a5 25. h3 Qe6 26. Rac1 h6 27.
b5 Bd6 28. Ne1 e4 29. Qg4 Qxg4 30. hxg4 Ne5 31. Bxe5 Bxe5 32. Nc2 a4 33.
Rfd1 Re6 34. Nd4 Rf6 35. Rc2 g6 36. Rf2 Kf7 37. Rfd2 Ke7 38. Ne2 Rfd6 39.
g3 Kf7 40. Kg2 Ke6 41. Nd4+ Bxd4 42. Rxd4 Rb8 43. Rb4 Ke5 44. Rc1 Rf6 45.
Rc5 Kd6 46. Rc3 Rf3 47. b6 cxb6 48. c7 Rc8 49. Rxb6+ Kd7 50. Rxg6 d4 51.
Rc4 Rxe3 52. Rg7+ Ke6 53. Rxd4 Rf8 54. Rd8 Re2+ 55. Kh3 Rf1 56. c8=Q+ Kf6
57. Qc3+ Ke6 58. Rg6+ Ke7 59. Qc7+ 1-0

[Event "WJun"]
[Site "Nakhchivan AZE"]
[Date "2003.06.23"]
[Round "2"]
[White "Osttveit,M"]
[Black "Olsson,L"]
[Result "0-1"]
[WhiteElo "2084"]
[BlackElo "2252"]
[EventDate "2003.06.22"]

1. d4 Nf6 2. Bf4 b6 3. e3 Bb7 4. Nf3 e6 5. Nbd2 c5 6. Bd3 cxd4 7. exd4 Be7
8. O-O O-O 9. Re1 d6 10. c4 Nbd7 11. Rc1 Rc8 12. Bb1 Re8 13. h3 a6 14. a3
b5 15. Qb3 Qb6 16. Qd3 Bxf3 17. gxf3 Nf8 18. Be3 bxc4 19. Nxc4 Qb5 20. b4
Ng6 21. f4 Qh5 22. Qf1 Nd5 23. Bxg6 hxg6 24. Bd2 Qh4 25. Na5 Rxc1 26. Rxc1
Nxf4 27. Bxf4 Qxf4 28. Rc7 Bf6 29. Qxa6 Bxd4 30. Qe2 Qg3+ 31. Kf1 Qxh3+ 32.
Ke1 Qxa3 33. Nc6 Qc1+ 34. Qd1 Bxf2+ 35. Ke2 Qe3+ 36. Kf1 Bh4 0-1

[Event "WJun"]
[Site "Nakhchivan AZE"]
[Date "2003.06.23"]
[Round "3"]
[White "Ganguly,S"]
[Black "Mastrovasilis,D"]
[Result "1-0"]
[WhiteElo "2542"]
[BlackElo "2456"]
[EventDate "2003.06.22"]

1. e4 c5 2. Nf3 e6 3. d4 cxd4 4. Nxd4 Nc6 5. Nc3 Qc7 6. Be2 a6 7. O-O Nf6
8. Be3 Bb4 9. Na4 Be7 10. Nxc6 bxc6 11. Nb6 Rb8 12. Nxc8 Qxc8 13. e5 Nd5
14. Bc1 Bc5 15. c4 Ne7 16. b3 Qc7 17. Bb2 d6 18. exd6 Bxd6 19. g3 Be5 20.
Bxe5 Qxe5 21. Re1 c5 22. Bd3 Qd6 23. Be4 Qc7 24. Qc2 f5 25. Bg2 Kf7 26. Qe2
Qb6 27. b4 Rbc8 28. a4 Ng6 29. bxc5 Rxc5 30. Rab1 Qd6 31. Rb7+ Ne7 32. Bd5
1-0

[Event "WJun"]
[Site "Nakhchivan AZE"]
[Date "2003.06.23"]
[Round "3"]
[White "Zubov,A UKR"]
[Black "Mahesh Chandran,P"]
[Result "1/2-1/2"]
[WhiteElo "2494"]
[BlackElo "2419"]
[EventDate "2003.06.22"]

1. Nf3 Nf6 2. c4 e6 3. Nc3 Bb4 4. Qc2 O-O 5. a3 Be7 6. d4 d5 7. Bf4 b6 8.
cxd5 exd5 9. e3 c5 10. dxc5 bxc5 11. Be2 Nc6 12. O-O Nh5 13. Ne5 Nd4 14.
exd4 Nxf4 15. dxc5 Bxc5 16. Bf3 Bd6 17. Nc4 Ba6 18. Nxd5 Nxd5 19. Bxd5
Bxh2+ 20. Kxh2 Qxd5 21. b3 Rac8 22. Rfd1 Qh5+ 23. Kg1 Rc6 24. Rd6 Rxd6 25.
Nxd6 Qe5 26. Rd1 Be2 27. Rd2 Qa1+ 28. Kh2 Qe5+ 1/2-1/2

[Event "WJun"]
[Site "Nakhchivan AZE"]
[Date "2003.06.23"]
[Round "3"]
[White "Dziuba,M"]
[Black "Kritz,L"]
[Result "1/2-1/2"]
[WhiteElo "2450"]
[BlackElo "2468"]
[EventDate "2003.06.22"]

1. d4 Nf6 2. c4 e6 3. Nf3 Bb4+ 4. Nbd2 b6 5. a3 Bxd2+ 6. Bxd2 Bb7 7. Bg5 h6
8. Bh4 d6 9. Qc2 Nbd7 10. Rd1 g5 11. Bg3 Ne4 12. d5 Ndf6 13. e3 Qe7 14. Nd4
e5 15. Qa4+ Kf8 16. Nf5 Qe8 17. Qxe8+ Rxe8 18. f3 Bc8 19. fxe4 Nxe4 20. Nh4
Nxg3 21. hxg3 gxh4 22. Rxh4 Kg7 23. Bd3 f5 24. Kd2 Ref8 25. b4 Rf6 26. Ke2
Rg6 1/2-1/2

[Event "WJun"]
[Site "Nakhchivan AZE"]
[Date "2003.06.23"]
[Round "3"]
[White "Izoria,Z"]
[Black "Sadykov,R"]
[Result "1/2-1/2"]
[WhiteElo "2569"]
[BlackElo "2416"]
[EventDate "2003.06.22"]

1. c4 Nf6 2. Nc3 e6 3. Nf3 Bb4 4. Qb3 c5 5. g3 O-O 6. Bg2 Nc6 7. O-O d5 8.
d3 d4 9. Na4 Qd6 10. e3 Ba5 11. exd4 cxd4 12. Bg5 e5 13. a3 h6 14. Bxf6
Qxf6 15. Qc2 Bg4 1/2-1/2

[Event "WJun"]
[Site "Nakhchivan AZE"]
[Date "2003.06.23"]
[Round "3"]
[White "Geirnaert,S"]
[Black "Gashimov,V"]
[Result "1/2-1/2"]
[WhiteElo "2289"]
[BlackElo "2579"]
[EventDate "2003.06.22"]

1. e4 c5 2. Nf3 d6 3. d4 cxd4 4. Nxd4 Nf6 5. Nc3 g6 6. Be3 Bg7 7. f3 O-O 8.
Qd2 Nc6 9. O-O-O d5 10. Kb1 Rb8 11. Nb3 dxe4 12. Qxd8 Rxd8 13. Rxd8+ Nxd8
14. Bxa7 Ra8 15. Bb6 Bf5 16. fxe4 Nxe4 17. Nd5 Nc6 18. Bd3 e6 19. g4 Bxg4
20. Nc7 Ra4 21. Bb5 Rb4 22. a3 Nd2+ 23. Ka2 Bf3 24. Rg1 Bd5 25. Rg3 Be5 26.
axb4 Nxb4+ 27. Ka3 Nxc2+ 28. Ka4 Bxb3+ 29. Rxb3 Nxb3 30. Kxb3 Nd4+ 31. Bxd4
Bxd4 32. Bc4 Kf8 33. Nxe6+ fxe6 34. Bxe6 g5 35. Kc2 Ke7 36. Bc8 b6 37. b3
Kf6 38. Kd3 Ke5 39. Ke2 Kf4 40. Kf1 h5 41. Kg2 Bc5 42. h3 g4 43. hxg4 hxg4
44. Be6 b5 45. Bg8 b4 46. Bc4 1/2-1/2

[Event "WJun"]
[Site "Nakhchivan AZE"]
[Date "2003.06.23"]
[Round "3"]
[White "Guseinov,K"]
[Black "Jatautis,D"]
[Result "1-0"]
[WhiteElo "2505"]
[BlackElo "2149"]
[EventDate "2003.06.22"]

1. e4 c5 2. Nf3 d6 3. d4 cxd4 4. Nxd4 Nf6 5. Nc3 a6 6. Bg5 e6 7. f4 Qc7 8.
Qe2 Nbd7 9. O-O-O Be7 10. Nf3 Nb6 11. Qe1 Bd7 12. e5 dxe5 13. fxe5 Nfd5 14.
Bxe7 Nxe7 15. Bd3 Bc6 16. Qg3 O-O-O 17. Qxg7 Ng6 18. Bxg6 hxg6 19. Ng5 Nc4
20. Nxf7 Qb6 21. Nd6+ Nxd6 22. exd6 Bxg2 23. Rhe1 Bc6 24. Rd2 Rhg8 25. Qe5
Bd7 26. Ne4 Kb8 27. Nf6 1-0

[Event "WJun"]
[Site "Nakhchivan AZE"]
[Date "2003.06.23"]
[Round "3"]
[White "Pantsulaia,L"]
[Black "Hanley,C"]
[Result "0-1"]
[WhiteElo "2465"]
[BlackElo "2375"]
[EventDate "2003.06.22"]

1. Nf3 e6 2. c4 f5 3. g3 Nf6 4. Bg2 Be7 5. O-O O-O 6. d4 d6 7. Nc3 Ne4 8.
Qc2 Nxc3 9. Qxc3 a5 10. b3 Nc6 11. Bb2 Bf6 12. Qd2 e5 13. d5 Ne7 14. Ng5
Bxg5 15. Qxg5 f4 16. gxf4 Rxf4 17. f3 h6 18. Qg3 Nf5 19. Qf2 Nh4 20. Kh1
Bd7 21. Rg1 a4 22. Bf1 Rf7 23. b4 a3 24. Bc1 Qf6 25. Rb1 e4 26. f4 e3 27.
Bxe3 Bf5 28. Rd1 Be4+ 29. Rg2 Re8 30. Bc1 Nxg2 31. Bxg2 Qc3 32. c5 Qc2 33.
Qe1 Qxa2 0-1

[Event "WJun"]
[Site "Nakhchivan AZE"]
[Date "2003.06.23"]
[Round "3"]
[White "Gupta,A"]
[Black "Schneider,Dm"]
[Result "1/2-1/2"]
[WhiteElo "2335"]
[BlackElo "2424"]
[EventDate "2003.06.22"]

1. d4 d5 2. c4 e6 3. Nc3 c6 4. Nf3 dxc4 5. a4 Bb4 6. e3 b5 7. Bd2 a5 8. Rb1
Ba6 9. Ne5 Nf6 10. Nxc6 Nxc6 11. axb5 Nxd4 12. bxa6 Nb3 13. Bxc4 Qxd2+ 14.
Qxd2 Nxd2 15. Kxd2 Ne4+ 16. Kc2 Bxc3 17. Bd3 Bb4 1/2-1/2

[Event "WJun"]
[Site "Nakhchivan AZE"]
[Date "2003.06.23"]
[Round "3"]
[White "Olsson,L"]
[Black "Azarov,S"]
[Result "0-1"]
[WhiteElo "2252"]
[BlackElo "2530"]
[EventDate "2003.06.22"]

1. d4 Nf6 2. c4 e6 3. g3 d5 4. Bg2 Be7 5. Nf3 O-O 6. O-O Nbd7 7. Qc2 c6 8.
Nbd2 b6 9. b3 Ba6 10. e4 Rc8 11. e5 Ne8 12. Re1 c5 13. cxd5 exd5 14. Qf5
Nc7 15. Bb2 g6 16. Qg4 Ne6 17. Rad1 h5 18. Qh3 cxd4 19. Bxd4 Rc2 20. Be3
Ndc5 21. Bxc5 bxc5 22. a4 Bc8 23. Bh1 c4 24. Qf1 c3 25. Ne4 dxe4 26. Rxd8
Rxd8 27. Rxe4 Bb7 28. Re1 Rb2 29. Rc1 c2 30. Bg2 Bb4 31. h3 Bxf3 32. Bxf3
Bd2 33. Kg2 Nd4 34. e6 Nxe6 35. Ra1 Rc8 36. Qa6 c1=Q 37. Rxc1 Rxc1 38. Qxa7
Be1 39. h4 Rxf2+ 40. Kh3 Rcc2 0-1

[Event "WJun"]
[Site "Nakhchivan AZE"]
[Date "2003.06.23"]
[Round "3"]
[White "Bachin,V"]
[Black "Murariu,A"]
[Result "1/2-1/2"]
[WhiteElo "2443"]
[BlackElo "2347"]
[EventDate "2003.06.22"]

1. e4 c5 2. Nc3 e6 3. f4 Ne7 4. d3 d5 5. Bd2 Nbc6 6. Nf3 g6 7. g3 Bg7 8.
Bg2 O-O 9. O-O Rb8 10. Rb1 b5 11. Ne2 b4 12. e5 a5 13. d4 Qb6 14. Be3 Nf5
15. Bf2 cxd4 16. Nexd4 Ncxd4 17. Nxd4 Nxd4 18. Bxd4 Qc7 19. Qd2 Ba6 20.
Rfc1 Rfc8 21. c3 Qd7 22. cxb4 axb4 23. Rxc8+ Qxc8 24. Rc1 Qb7 25. g4 Rc8
26. Kf2 Bf8 27. b3 Rxc1 28. Qxc1 Bd3 29. Ke3 Qa6 30. Bf3 h6 31. Qd1 Bf1 32.
f5 Bh3 33. fxe6 fxe6 34. Qc2 Kh7 35. Kf2 Bf1 36. Qc7+ Kg8 37. Qd8 Qd3 38.
Be3 g5 39. Qe8 d4 40. Qxe6+ Kh8 41. Qf6+ Kh7 42. Qf5+ Qxf5 43. gxf5 dxe3+
44. Kxf1 Bc5 45. Bh5 Bd4 46. e6 Bf6 47. Ke2 Kg7 48. Kxe3 Be7 49. Ke4 Kf6
50. h3 Bf8 1/2-1/2

[Event "WJun"]
[Site "Nakhchivan AZE"]
[Date "2003.06.23"]
[Round "3"]
[White "Werle,J"]
[Black "Gashimov,S"]
[Result "1-0"]
[WhiteElo "2404"]
[BlackElo "2317"]
[EventDate "2003.06.22"]

1. Nf3 Nf6 2. c4 b6 3. g3 Bb7 4. Bg2 e6 5. O-O Be7 6. Nc3 O-O 7. Re1 d5 8.
cxd5 exd5 9. d4 c5 10. Bf4 Nc6 11. Rc1 Ne4 12. dxc5 Bxc5 13. Rf1 Nxc3 14.
Rxc3 Re8 15. a3 a5 16. Rd3 Qf6 17. Rxd5 Qxb2 18. Rd7 Rad8 19. Ne5 Bd4 20.
Nd3 Qxa3 21. Rxb7 Nb4 22. Bg5 f6 23. Bc1 Qa2 24. Nxb4 Bxf2+ 25. Kh1 axb4
26. Rd7 Rxd7 27. Qxd7 Qxe2 28. Rxf2 1-0

[Event "WJun"]
[Site "Nakhchivan AZE"]
[Date "2003.06.23"]
[Round "3"]
[White "Wang,H"]
[Black "Jirka,J"]
[Result "1/2-1/2"]
[WhiteElo "2226"]
[BlackElo "2394"]
[EventDate "2003.06.22"]

1. e4 e5 2. Nf3 Nc6 3. Bb5 Nd4 4. Nxd4 exd4 5. O-O Bc5 6. c3 c6 7. Bc4 d5
8. exd5 cxd5 9. Bb5+ Kf8 10. cxd4 Bxd4 11. Nc3 Ne7 12. Bd3 g6 13. b3 Kg7
14. Ba3 Nc6 15. Rc1 Bf6 16. Bb1 Re8 17. Qf3 Be6 18. Qg3 Nd4 19. Bc5 Rc8 20.
Bxd4 Bxd4 21. Nb5 Rxc1 22. Rxc1 Bb2 23. Rd1 Qb6 24. Nc3 Qd4 25. h3 a6 26.
Na4 Ba1 27. Qc7 b5 28. Nc5 Qf6 29. b4 Bd4 30. Qg3 Bc8 31. Nb3 Be5 32. Qd3
Qf4 33. g3 Qxb4 34. Qxd5 Bf6 35. Kg2 Re7 36. Nc5 Rc7 37. Nd3 Qa4 38. Qb3
Bb7+ 39. Kh2 Qe4 40. Nf4 Qc6 41. d4 Bxd4 42. f3 Qb6 43. Nd5 Bxd5 44. Qxd5
Bf6 45. h4 Qf2+ 46. Kh3 Re7 47. Be4 Be5 48. f4 Bf6 49. h5 Qe3 50. Bf3 Re8
51. Rd3 Qe7 52. g4 g5 53. Qf5 h6 54. Rd7 Qe6 55. Qg6+ Kf8 56. Qxh6+ Bg7 57.
Qxe6 fxe6 58. fxg5 Re7 59. Rd8+ Re8 60. Rxe8+ Kxe8 61. Bb7 b4 62. Bxa6 Bc3
63. h6 Be1 64. Bd3 Kf8 1/2-1/2

[Event "WJun"]
[Site "Nakhchivan AZE"]
[Date "2003.06.23"]
[Round "3"]
[White "Deepan,C"]
[Black "Arun Prasad,S"]
[Result "1-0"]
[WhiteElo "2379"]
[BlackElo "2275"]
[EventDate "2003.06.22"]

1. e4 c5 2. Nf3 d6 3. c3 Nf6 4. h3 g6 5. Bd3 Bg7 6. O-O O-O 7. Bc2 Nc6 8.
d4 e5 9. d5 Ne7 10. Nh2 Ne8 11. Ng4 f5 12. exf5 Nxf5 13. Nd2 Nh6 14. Ne4
Nxg4 15. hxg4 Nf6 16. f3 Nxe4 17. Bxe4 Bf6 18. Bh6 Bg7 19. Be3 g5 20. Qc2
h6 21. Kh2 Qf6 22. Rh1 Bd7 23. Kg3 Kf7 24. Rh5 Ke7 25. Qd2 Rh8 26. Rah1 Kf8
27. Qd3 Ke7 28. c4 b6 29. Qd2 a5 30. b3 Kf8 31. Qd3 Be8 32. R5h2 Ke7 33.
Rb1 Bd7 34. a3 Rhb8 35. Rhh1 b5 36. cxb5 Bxb5 37. Qd2 Ra6 38. Rhc1 Bf8 39.
b4 axb4 40. axb4 c4 41. Ra1 Rba8 42. Ra5 Rxa5 43. bxa5 Qf7 44. Rb1 Ba6 45.
Rb6 Qe8 46. Rc6 Kf6 47. Bb1 Qf7 48. Qc2 Qd7 49. Qg6+ Ke7 1-0

[Event "WJun"]
[Site "Nakhchivan AZE"]
[Date "2003.06.23"]
[Round "3"]
[White "Esplana,C"]
[Black "Safarli,E"]
[Result "1/2-1/2"]
[WhiteElo "2367"]
[BlackElo "2201"]
[EventDate "2003.06.22"]

1. e4 c5 2. Nf3 e6 3. d4 cxd4 4. Nxd4 Nf6 5. Nc3 d6 6. Bc4 Be7 7. Bb3 O-O
8. O-O Na6 9. f4 Nc5 10. Qf3 Nxb3 11. axb3 g6 12. f5 e5 13. Nde2 d5 14. Bh6
dxe4 15. Nxe4 Nxe4 16. Qxe4 Bxf5 17. Qxe5 Bf6 18. Qg3 Bh4 19. Qf3 Re8 20.
Ng3 Be6 21. Rae1 Qd4+ 22. Kh1 Bd5 23. Rd1 Bxf3 24. Rxd4 Bxg3 25. gxf3 Be5
26. Rd7 b5 27. c3 Bg7 28. Bxg7 Kxg7 29. Rf2 Re6 30. Kg2 a6 31. Rfd2 Rc8 32.
b4 Rcc6 33. Kf2 Rf6 34. R2d4 h5 35. h4 Rce6 36. Ra7 Re5 37. f4 Re8 38. Rad7
Rfe6 39. Rd2 Re4 40. R7d4 Re3 41. R4d3 R3e4 1/2-1/2

[Event "WJun"]
[Site "Nakhchivan AZE"]
[Date "2003.06.23"]
[Round "3"]
[White "Kozak,L"]
[Black "Rohit,G"]
[Result "1-0"]
[WhiteElo "2178"]
[BlackElo "2357"]
[EventDate "2003.06.22"]

1. d4 Nf6 2. c4 g6 3. Nf3 Bg7 4. g3 d6 5. Bg2 O-O 6. O-O Nbd7 7. Nc3 e5 8.
e4 c6 9. h3 Qb6 10. c5 dxc5 11. dxe5 Ne8 12. e6 fxe6 13. Ng5 Ne5 14. f4 Nf7
15. Nxf7 Bd4+ 16. Kh1 Rxf7 17. e5 Bd7 18. Ne4 Rd8 19. a4 a5 20. Ra3 Bc8 21.
Qc2 Qa7 22. h4 b6 23. Ng5 Rc7 24. g4 Qb7 25. Rh3 Rg7 26. Be4 h6 27. Nf3 Qf7
28. h5 gxh5 29. Rxh5 Rxg4 30. Rxh6 Rd7 31. Qh2 Kf8 32. Qh3 Rg8 33. Ng5 1-0

[Event "WJun"]
[Site "Nakhchivan AZE"]
[Date "2003.06.23"]
[Round "3"]
[White "Agaragimov,D"]
[Black "Harikrishna,P"]
[Result "0-1"]
[WhiteElo "2252"]
[BlackElo "2563"]
[EventDate "2003.06.22"]

1. d4 Nf6 2. c4 e6 3. Nf3 d5 4. g3 Bb4+ 5. Nbd2 O-O 6. Bg2 c5 7. a3 Bxd2+
8. Qxd2 cxd4 9. cxd5 Qxd5 10. Qxd4 Nc6 11. Qxd5 exd5 12. O-O Re8 13. e3 Bg4
14. b3 Ne4 15. h3 Bxf3 16. Bxf3 Ne5 17. Bg2 Nd3 18. Ra2 Rac8 19. Bd2 b6 20.
Bf3 Rc7 21. Kg2 Rec8 22. Bd1 g6 23. f3 Nc3 24. Bxc3 Rxc3 25. Rd2 Re8 26. e4
dxe4 27. Re2 exf3+ 0-1

[Event "WJun"]
[Site "Nakhchivan AZE"]
[Date "2003.06.23"]
[Round "3"]
[White "Agayev,N"]
[Black "Erenburg,S"]
[Result "0-1"]
[WhiteElo "2116"]
[BlackElo "2499"]
[EventDate "2003.06.22"]

1. Nf3 d5 2. c4 e6 3. b3 Nf6 4. Bb2 Nbd7 5. g3 b6 6. Bg2 Bb7 7. O-O Be7 8.
e3 O-O 9. Nc3 dxc4 10. bxc4 c5 11. Qc2 Rc8 12. Rad1 Qc7 13. e4 Rfd8 14.
Rfe1 Qb8 15. Ba3 Bf8 16. Bb2 h6 17. d3 Qa8 18. Qe2 Nb8 19. Nb5 Be7 20. Na3
Nc6 21. Nc2 Rd7 22. Ne5 Nxe5 23. Bxe5 Rcd8 24. Ne3 Nh7 25. Ng4 h5 26. Ne3
Bf6 27. Bxf6 Nxf6 28. e5 Ng4 29. Bxb7 Qxb7 30. Nxg4 hxg4 31. Qxg4 Rxd3 32.
Rxd3 Rxd3 33. Rd1 Qd7 34. Rxd3 Qxd3 35. Qh4 a6 36. a4 Qd7 37. Qg5 Qd1+ 38.
Kg2 Qd4 39. Kg1 Qxc4 40. Qd8+ Kh7 41. Qxb6 Qxa4 42. Qb1+ g6 43. h4 Qb4 44.
Qd3 c4 45. Qf3 Qb1+ 46. Kg2 Qf5 47. Qc3 Qe4+ 48. Kf1 Qd5 49. Qc2 a5 50. Qc3
a4 51. f4 Kg8 52. h5 Qd3+ 0-1

[Event "WJun"]
[Site "Nakhchivan AZE"]
[Date "2003.06.23"]
[Round "3"]
[White "Allemann,A"]
[Black "Kuparadze,G"]
[Result "0-1"]
[WhiteElo "2254"]
[BlackElo "2227"]
[EventDate "2003.06.22"]

1. e4 c5 2. c3 e6 3. d4 d5 4. exd5 exd5 5. Nf3 Nc6 6. Bb5 Bd6 7. dxc5 Bxc5
8. O-O Nge7 9. Nbd2 a6 10. Bd3 O-O 11. Nb3 Ba7 12. Re1 Bf5 13. Be3 Bb8 14.
Bg5 f6 15. Bh4 Bg4 16. Qc2 Bxf3 17. gxf3 Ne5 18. Kg2 N5g6 19. Bg3 f5 20.
Bxb8 Qxb8 21. Nd4 Rf6 22. Kh1 Qf4 23. Rg1 Nc6 24. Rg3 Nxd4 25. cxd4 Re8 26.
Rd1 Rfe6 27. Qc1 Qxd4 28. Be4 Rxe4 29. Rxd4 Rxd4 30. Rg1 Kf7 31. Qc5 Rd2
32. Qb4 Ree2 33. Qxb7+ Ne7 34. Qxa6 Rxb2 35. a4 Rxf2 36. Re1 Rxh2+ 37. Kg1
Rhg2+ 38. Kh1 Rg6 39. Qa7 Re6 40. Rxe6 Kxe6 41. a5 Kd6 42. a6 Nc6 43. Qxg7
Ra2 44. Qxh7 Rxa6 45. Qxf5 d4 46. f4 Ra8 47. Kg2 Ra2+ 48. Kf1 Ra5 49. Qf8+
Kd5 50. Qf5+ Kd6 51. Qf8+ Kd5 52. Qf5+ Kd6 53. Qe4 Ra1+ 54. Ke2 Ra2+ 55.
Kd3 Ra3+ 56. Kd2 Ra2+ 57. Kc1 Ra1+ 58. Kb2 Rf1 59. f5 Kc5 60. Qc2+ Kb6 61.
Qb3+ Kc5 62. Qe6 Rf2+ 63. Kc1 Nb4 64. f6 Nd5 65. f7 d3 66. Qc8+ Kd4 67.
f8=Q d2+ 68. Kb2 Rxf8 69. Qxf8 d1=Q 70. Qf2+ Ke5 71. Qg3+ Nf4 72. Qc3+ Ke4
73. Qc2+ Nd3+ 74. Kc3 Qe1+ 75. Kb3 Qb4+ 76. Ka2 Kd4 77. Qg2 Qa4+ 78. Kb1
Qb3+ 79. Ka1 Qa3+ 80. Kb1 Qc1+ 81. Ka2 Nb4+ 82. Kb3 Qc4+ 83. Ka4 Nd5+ 84.
Ka3 Qb4+ 85. Ka2 Nc3+ 0-1